1253 1332 1567 1781 1496 1753 1050 1920 1515 1274 1988 1962 1965 1868 1515 1390 1124 1669 1267 1169 1203 1133 1461 1025 1017 1173 1691 1625 1856 1809 1808 1140 1920 1624 1259 1950 1715 1717 1136 1150 1042 1159 1459 1388 1277 1686 1395 1017 1636 1502 1434 1357 1535 1324 1818 1826 1799 1594 1770 1572 1179 1132 1085 1890 1791 1616 1844 1373 1048 1049 1171 1727 1861 1227 1302 1678 1057 1055 1960 1864 1337 1974 1454 1559 1043 1368 1484 1184 1414 1975 1211 1197 1462 1411 1197 1170 1755 1715 1491 BCNSPRNW ULIB Ver.6.0+V

เปลี่ยนเป็นภาษาไทย

Change to English
 แสดงรายละเอียดบรรณานุกรม
  กลับหน้าหลัก

Brief Record : Get Marc (ISO 2709) : E-mail record : QR code < ปิดหน้าต่าง
LEADER : 00000nam 2200000uu 4500
001    13399126843
003     ULIB
008    020711s2562 th a 000 0 tha d
060    วจ^aWY152^bน157ก
100    ^aนภาพร ตูมน้อย และอัญสุรีย์ ศิริโสภณ
245    ^aการพัฒนารูปแบบการสอนเพื่อส่งเสริมทักษะการเยี่ยมบ้านผู้สูงอายุที่อยู่ลำพังของนักศึกษาพยาบาล วิทยาลัยพยาบาลบรมราชชนนี สวรรค์ประชารักษ์ นครสวรรค์ : The development of teaching model for promoting the home visit skills for solitary elders of nursing students, Boromarajonani College of Nursing Sawanpracharak Nakhonsawan
260    ^aนครสวรรค์ :^bวิทยาลัยพยาบาลบรมราชชนนีสวรรค์ประชารักษ์ นครสวรรค์,^c2562
650    ^aผู้สูงอายุ^xการดูแล
945    ^p0^l0^i005502
999    ^aประนอม เกษจรัล
รายการนี้ยังไม่มีแท็ก
คุณยังไม่ได้ล็อกอิน คุณสามารถมีกิจกรรมร่วมกับเว็บไซต์ได้ แต่ต้องล็อกอินก่อน ::
  ล็อกอิน

รายการสื่อสารสนเทศ

ลำดับที่ ประเภท เลขเรียก/บาร์โค้ด สถานที่ สถานะ
1. Book การพยาบาล
Book การพยาบาล
วจ WY152 น157ก ฉ.1 
  Barcode: 005502
ห้องสมุดวิทยาเขตสวรรค์ประชารักษ์
►หนังสือทั่วไป
บนชั้น

รายการใกล้เคียง
    หัวเรื่อง [ผู้สูงอายุ การดูแล]

BibComment


ยังไม่เคยถูกคอมเมนท์

คอมเมนท์ทรัพยากรรายการนี้
  คอมเมนท์: การพัฒนารูปแบบกา..


 Copyright 2026. Bcnsprnw @Library